Mean Margaret / Tor Seidler ; pictures by Jon ... Read More
Available copies
- 2 of 2 copies available at LARL/NWRL Consortium.
- 2 of 2 copies available at Lake Agassiz Regional Library. (Show preferred library)
Current holds
0 current holds with 2 total copies.
View other formats and editions
Show Only Available Copies
| Location | Call Number / Copy Notes | Barcode | Shelving Location | Status | Due Date |
|---|---|---|---|---|---|
| Crookston Public Library | J Sei (Text) | 33500007713597 | Main | Available | - |
| Detroit Lakes Public Library | J Sei (Text) | 33500005481676 | Main | Available | - |
Record details
- ISBN: 0062050907 :
- Physical Description: 165 p. : ill. ; 23 cm.
- Publisher: [New York] : HarperCollins, 1997.
Content descriptions
| General Note: | "Michael di Capua books." |
| Summary, etc.: | What do a pair of newlywed woodchucks, a squirrel, ... Read More |
Search for related items by subject
| Subject: | Human behavior > Juvenile fiction. Toddlers > Juvenile fiction. Animals > Juvenile fiction. Children's stories, American. |
| LDR | 01328cam a2200313Ia 4500 | ||
|---|---|---|---|
| 001 | 22632 | ||
| 003 | LARL_NWRL_CONSORTIUM | ||
| 005 | 19980416092715.0 | ||
| 008 | 970925s1997 nyua b 000 1 eng d | ||
| 020 | . | ‡a0062050907 : ‡c$14.95 | |
| 035 | . | ‡a(OCoLC)37812843 | |
| 040 | . | ‡aIHS ‡cDLC ‡dJDP ‡dDPL ‡dIQU ‡dLAL | |
| 082 | 0 | 0. | ‡a[Fic] ‡221 |
| 099 | . | ‡aSei | |
| 100 | 1 | . | ‡aSeidler, Tor. ‡0(LARL_NWRL_CONSORTIUM)54729 |
| 245 | 1 | 0. | ‡aMean Margaret / ‡cTor Seidler ; pictures by Jon Agee. |
| 260 | . | ‡a[New York] : ‡bHarperCollins, ‡c1997. | |
| 300 | . | ‡a165 p. : ‡bill. ; ‡c23 cm. | |
| 500 | . | ‡a"Michael di Capua books." | |
| 520 | . | ‡aWhat do a pair of newlywed woodchucks, a squirrel, a testy snake, a skunk, and a couple of bats have in common with a family of pudgy human beings names Hubble? Their lives are all turned topsy-turvy by a tyrannical toddler named Margaret. | |
| 650 | 0. | ‡aHuman behavior ‡vJuvenile fiction. | |
| 650 | 0. | ‡aToddlers ‡vJuvenile fiction. | |
| 650 | 0. | ‡aAnimals ‡vJuvenile fiction. ‡0(LARL_NWRL_CONSORTIUM)162061 | |
| 650 | 0. | ‡aChildren's stories, American. ‡0(LARL_NWRL_CONSORTIUM)16467 | |
| 700 | 1 | . | ‡aAgee, Jon. ‡0(LARL_NWRL_CONSORTIUM)71858 |
| 901 | . | ‡a22632 ‡bOCLC ‡c22632 ‡tbiblio | |

Add to basket
Permalink
Disable Highlighting